000 00288nam a2200121Ia 4500
005 20251222154434.0
008 251222s9999||||xx |||||||||||||| ||spa||
020 _a9972-895-31-9
082 _a869.57/R71
100 _a"Robles, Marcela"
245 0 _aSonrĂ­e mientras mueres
942 _cLIB
999 _c36544
_d36544